00644 a2200193 4500999001700000003000500017005001700022008004100039020001500080020001800095082001100113100002700124245009300151260003700244300002100281700002700302942002900329952009200358 c29322d29322NUST20180118143908.0180118b xxu||||| |||| 00| 0 eng d a0124105904 a978012410590404a530.141 aKivshar, Yuri S.9882310aOptical solitons :bfrom fibers to photonic crystals /cYuri S. Kivshar, Govind Agrawal. a[S.l.] :bAcademic Press,c2003. a540 p. ;c24 cm.1 aAgrawal, Govind.98824 aSNScBKk530.14 KIV2ddc 00104070aSNSbSNSd2016-05-26l0o530.14 KIVpSNS0000852r2016-05-26w2016-05-26yBK